000 00527nam a22001817a 4500
999 _c58502
_d58502
005 20220428131511.0
008 220428s2015 enk||||| |||| 00| 0 eng d
020 _a9780702051326
041 _aeng
080 _a611 D-80
100 _aDrake, Mitchell
_913697
245 _aGray's Anatomy for Students /
_cDrake Mitchell.
250 _aThird edition
264 _aPhiladelphia :
_bElsevier,
_c2015.
300 _a1161 p.:
_bill.;
_c28 cm.
653 _aადამიანის ანატომია
942 _2udc
_cBK